01029nam a2200265 i 4500001000700000003000900007005001700016007000300033008004100036080001200077100003000089245021000119250001400329260003100343300002200374500004300396650003500439700002700474700002900501700003200530700002700562852003300589999001900622952012200641133776ES-MaACL20230906194529.0t|070829s2001 fr ||||1| fre d a34(038)1 aGuillien, Raymond.96081110aLexique des termes juridiques / cRaymond Guillien et Jean Vincent ; sous la direction de Serge Guinchard , Gabriel Montagnier ; avec le concours, pou la présente édition de Jacques Azema ... [et al.]. a13e éd. aParis : bDalloz, c[2001] a592 p. ; c19 cm. aBiblioteca Jacinto Martínez Lacalle.14aDerecho-vDiccionarios.9116101 aVincent, Jean.91153081 aGuinchard, Serge.9608521 aMontagnier, Gabriel.9823171 aAzema, Jacques.924285 aES-MaACLjE-12061 bR.139986 c133776d133776 00104070aATENEOMbATENEOMcDEPO2d2008-01-17eSCl0oE-12061p1139258r2023-02-23 00:00:00w2023-02-23yMONOGRAFIA